Metafísica 4 en 1 / (Registro nro. 15375)
[ vista simple ]
| 000 -LEADER | |
|---|---|
| fixed length control field | 00882nam a22002417a 4500 |
| 003 - CONTROL NUMBER IDENTIFIER | |
| control field | OSt |
| 005 - DATE AND TIME OF LATEST TRANSACTION | |
| control field | 20210315112432.0 |
| 008 - FIXED-LENGTH DATA ELEMENTS--GENERAL INFORMATION | |
| fixed length control field | 210315b1977 y ac||er|||| 00| 0dspa d |
| 040 ## - CATALOGING SOURCE | |
| Original cataloging agency | CO-JMCR |
| Transcribing agency | CO-JMCR |
| 041 0# - LANGUAGE CODE | |
| Language code of text/sound track or separate title | spa |
| 082 04 - DEWEY DECIMAL CLASSIFICATION NUMBER | |
| Classification number | 110 / |
| Item number | M686m |
| Edition number | 23 |
| 100 1# - MAIN ENTRY--PERSONAL NAME | |
| Personal name | Méndez, Conny, |
| Relator term | autora |
| 9 (RLIN) | 36084 |
| 245 10 - TITLE STATEMENT | |
| Title | Metafísica 4 en 1 / |
| Statement of responsibility, etc. | Conny Méndez |
| 246 0# - VARYING FORM OF TITLE | |
| Title proper/short title | Metafísica cuatro en uno |
| 260 ## - PUBLICATION, DISTRIBUTION, ETC. | |
| Place of publication, distribution, etc. | Caracas : |
| Name of publisher, distributor, etc. | Bienes Lacónica, |
| Date of publication, distribution, etc. | 1977 |
| 300 ## - PHYSICAL DESCRIPTION | |
| Extent | 111, 95, 117, 95 páginas : |
| Other physical details | ilustraciones y retratos a blanco y negro ; |
| Dimensions | 16 cm. |
| 500 ## - GENERAL NOTE | |
| General note | Incluye datos biográficos de la autora. |
| 504 ## - BIBLIOGRAPHY, ETC. NOTE | |
| Bibliography, etc. note | Bibliografía: páginas 93-94 |
| 505 0# - FORMATTED CONTENTS NOTE | |
| Title | La metafísica al alcance de todos |
| -- | Te regalo lo que se te antoje |
| -- | El maravilloso Nro 7 |
| -- | Quien es, quien fue el conde Saint Germain |
| 650 14 - SUBJECT ADDED ENTRY--TOPICAL TERM | |
| Topical term or geographic name entry element | Metafísica |
| 9 (RLIN) | 36085 |
| 650 14 - SUBJECT ADDED ENTRY--TOPICAL TERM | |
| Topical term or geographic name entry element | Numerología |
| 9 (RLIN) | 36086 |
| 942 ## - ADDED ENTRY ELEMENTS (KOHA) | |
| Source of classification or shelving scheme | Dewey Decimal Classification |
| Koha item type | Books |
| Withdrawn status | Lost status | Source of classification or shelving scheme | Damaged status | Not for loan | Collection code | Home library | Current library | Date acquired | Source of acquisition | Total Checkouts | Total Renewals | Full call number | Barcode | Date last seen | Date last checked out | Copy number | Price effective from | Koha item type |
|---|---|---|---|---|---|---|---|---|---|---|---|---|---|---|---|---|---|---|
| Dewey Decimal Classification | Non-fiction | Biblioteca Pública José María del Castillo y Rada | Biblioteca Pública José María del Castillo y Rada | 10/02/2020 | Donación | 11 | 8 | 110 / M686m | 201810296 | 02/19/2025 | 02/17/2025 | Ej.1 | 03/15/2021 | Books |